Civic attitudes and engagement in modern Britain (Record no. 58699)

000 -LEADER
fixed length control field 00493pab a2200181 454500
008 - FIXED-LENGTH DATA ELEMENTS--GENERAL INFORMATION
fixed length control field 180718b2003 xxu||||| |||| 00| 0 eng d
100 ## - MAIN ENTRY--PERSONAL NAME
Personal name Patie, Charles
245 ## - TITLE STATEMENT
Title Civic attitudes and engagement in modern Britain
260 ## - PUBLICATION, DISTRIBUTION, ETC.
Date of publication, distribution, etc. 2003
300 ## - PHYSICAL DESCRIPTION
Extent p.616-33.
362 ## - DATES OF PUBLICATION AND/OR SEQUENTIAL DESIGNATION
Dates of publication and/or sequential designation Oct
650 ## - SUBJECT ADDED ENTRY--TOPICAL TERM
Topical term or geographic name entry element Civil and political rights - Great Britain
650 ## - SUBJECT ADDED ENTRY--TOPICAL TERM
Topical term or geographic name entry element Civil and political rights
700 ## - ADDED ENTRY--PERSONAL NAME
Personal name Whiteley, Paul
700 ## - ADDED ENTRY--PERSONAL NAME
Personal name Syed, Patrick
773 ## - HOST ITEM ENTRY
Main entry heading Parliamentary Affairs
909 ## -
-- 58699
Holdings
Withdrawn status Lost status Damaged status Not for loan Permanent Location Current Location Date acquired Serial Enumeration / chronology Barcode Date last seen Price effective from Koha item type
        Indian Institute of Public Administration Indian Institute of Public Administration 2018-07-19 Volume no: 56, Issue no: 4 AR59144 2018-07-19 2018-07-19 Articles

Powered by Koha